<?xml version="1.0" encoding="UTF-8"?>
<record
    xmlns:xsi="http://www.w3.org/2001/XMLSchema-instance"
    xsi:schemaLocation="http://www.loc.gov/MARC21/slim http://www.loc.gov/standards/marcxml/schema/MARC21slim.xsd"
    xmlns="http://www.loc.gov/MARC21/slim">

  <leader>00615pam a2200217 a 4500</leader>
  <datafield tag="020" ind1=" " ind2=" ">
    <subfield code="c">380.00 (Paper Binding)</subfield>
  </datafield>
  <datafield tag="040" ind1=" " ind2=" ">
    <subfield code="a">Dental College Lib</subfield>
  </datafield>
  <datafield tag="041" ind1=" " ind2=" ">
    <subfield code="a">eng</subfield>
    <subfield code="h"></subfield>
  </datafield>
  <datafield tag="082" ind1=" " ind2=" ">
    <subfield code="a">617.601</subfield>
    <subfield code="b">WHO</subfield>
  </datafield>
  <datafield tag="100" ind1=" " ind2=" ">
    <subfield code="a">WHO, ..</subfield>
  </datafield>
  <datafield tag="245" ind1=" " ind2=" ">
    <subfield code="a">Oral Health Surveys Bacsic Methods / </subfield>
    <subfield code="c">.</subfield>
    <subfield code="h">Textual Documents</subfield>
  </datafield>
  <datafield tag="250" ind1=" " ind2=" ">
    <subfield code="a">4th ed / </subfield>
    <subfield code="b">.</subfield>
  </datafield>
  <datafield tag="260" ind1=" " ind2=" ">
    <subfield code="a">Geneva : </subfield>
    <subfield code="b">World Health Organization , </subfield>
    <subfield code="c">1997.</subfield>
  </datafield>
  <datafield tag="300" ind1=" " ind2=" ">
    <subfield code="a">204 ; </subfield>
    <subfield code="c">24X17.</subfield>
  </datafield>
  <datafield tag="365" ind1=" " ind2=" ">
    <subfield code="a">380.00</subfield>
  </datafield>
  <datafield tag="653" ind1=" " ind2=" ">
    <subfield code="a">Community Dentistry</subfield>
  </datafield>
  <datafield tag="907" ind1=" " ind2=" ">
    <subfield code="a">1556      </subfield>
    <subfield code="a">1557      </subfield>
    <subfield code="a">1558      </subfield>
    <subfield code="a">1559      </subfield>
  </datafield>
  <datafield tag="930" ind1=" " ind2=" ">
    <subfield code="a">696</subfield>
  </datafield>
  <datafield tag="999" ind1=" " ind2=" ">
    <subfield code="c">40099</subfield>
    <subfield code="d">40099</subfield>
  </datafield>
  <datafield tag="952" ind1=" " ind2=" ">
    <subfield code="0">0</subfield>
    <subfield code="1">0</subfield>
    <subfield code="4">0</subfield>
    <subfield code="7">0</subfield>
    <subfield code="a">DCP</subfield>
    <subfield code="b">DCP</subfield>
    <subfield code="d">1900-01-01</subfield>
    <subfield code="g">380.00</subfield>
    <subfield code="l">1</subfield>
    <subfield code="o">617.601 WHO</subfield>
    <subfield code="p">DCP-1559</subfield>
    <subfield code="r">2026-04-15 00:00:00</subfield>
    <subfield code="s">2026-04-13</subfield>
    <subfield code="t">5</subfield>
    <subfield code="w">2023-02-24</subfield>
    <subfield code="y">BK</subfield>
  </datafield>
  <datafield tag="952" ind1=" " ind2=" ">
    <subfield code="0">0</subfield>
    <subfield code="1">0</subfield>
    <subfield code="4">0</subfield>
    <subfield code="7">0</subfield>
    <subfield code="a">DCP</subfield>
    <subfield code="b">DCP</subfield>
    <subfield code="d">1900-01-01</subfield>
    <subfield code="g">380.00</subfield>
    <subfield code="l">1</subfield>
    <subfield code="o">617.601 WHO</subfield>
    <subfield code="p">DCP-1558</subfield>
    <subfield code="r">2026-01-02 00:00:00</subfield>
    <subfield code="s">2025-12-31</subfield>
    <subfield code="t">4</subfield>
    <subfield code="w">2023-02-24</subfield>
    <subfield code="y">BK</subfield>
  </datafield>
  <datafield tag="952" ind1=" " ind2=" ">
    <subfield code="0">0</subfield>
    <subfield code="1">0</subfield>
    <subfield code="4">0</subfield>
    <subfield code="7">0</subfield>
    <subfield code="a">DCP</subfield>
    <subfield code="b">DCP</subfield>
    <subfield code="d">1900-01-01</subfield>
    <subfield code="g">380.00</subfield>
    <subfield code="l">2</subfield>
    <subfield code="o">617.601 WHO</subfield>
    <subfield code="p">DCP-1557</subfield>
    <subfield code="r">2024-02-23 00:00:00</subfield>
    <subfield code="s">2024-02-05</subfield>
    <subfield code="t">3</subfield>
    <subfield code="w">2023-02-24</subfield>
    <subfield code="y">BK</subfield>
  </datafield>
  <datafield tag="952" ind1=" " ind2=" ">
    <subfield code="0">0</subfield>
    <subfield code="1">0</subfield>
    <subfield code="4">0</subfield>
    <subfield code="7">0</subfield>
    <subfield code="a">DCP</subfield>
    <subfield code="b">DCP</subfield>
    <subfield code="d">1900-01-01</subfield>
    <subfield code="g">380.00</subfield>
    <subfield code="l">0</subfield>
    <subfield code="o">617.601 WHO</subfield>
    <subfield code="p">DCP-1556</subfield>
    <subfield code="r">2026-02-11 00:00:00</subfield>
    <subfield code="t">2</subfield>
    <subfield code="w">2023-02-24</subfield>
    <subfield code="y">BK</subfield>
  </datafield>
  <datafield tag="952" ind1=" " ind2=" ">
    <subfield code="0">0</subfield>
    <subfield code="1">0</subfield>
    <subfield code="4">0</subfield>
    <subfield code="7">0</subfield>
    <subfield code="a">DCP</subfield>
    <subfield code="b">DCP</subfield>
    <subfield code="d">1900-01-01</subfield>
    <subfield code="g">380.00</subfield>
    <subfield code="l">1</subfield>
    <subfield code="m">1</subfield>
    <subfield code="o">617.601 WHO</subfield>
    <subfield code="p">DCP-1555</subfield>
    <subfield code="r">2026-04-16 00:00:00</subfield>
    <subfield code="s">2026-04-13</subfield>
    <subfield code="t">1</subfield>
    <subfield code="w">2023-02-24</subfield>
    <subfield code="y">BK</subfield>
  </datafield>
</record>
